The Heavy engineering industry 28 November 1985.

Salvato in:
Dettagli Bibliografici
Ente Autore: Australia. Industries Assistance Commission
Natura: Libro
Lingua:English
Pubblicazione: Canberra : Australian Govt. Pub. Service, 1985.
Serie:Industries Assistance Commission report ; no. 375.
Soggetti:
LEADER 01209nam a2200277 a 4500
001 c000386458
003 CARM
005 00000000000000.0
008 s1985 acaak b f000 0 eng d
019 1 |a 4187060  |5 LACONCORD2021 
035 |a (OCoLC)219983218  |5 LACONCORD2021 
040 |a AIAC  |c AIAC  |d QIT 
043 |a u-at--- 
082 0 4 |a 351.8242/0994  |2 19 
110 1 |a Australia.  |b Industries Assistance Commission. 
245 1 4 |a The Heavy engineering industry 28 November 1985. 
260 |a Canberra :  |b Australian Govt. Pub. Service,  |c 1985. 
300 |a iii, [209] p. :  |b ill., forms ;  |c 25 cm. 
490 0 |a Industries Assistance Commission report ;  |v no. 375. 
504 |a Includes bibliographical references. 
650 0 |a Industrial equipment industry  |x Government policy  |z Australia. 
650 0 |a Machinery industry  |x Government policy  |z Australia. 
810 1 |a Australia.  |b Industries Assistance Commission.  |t Industries Assistance Commission report ;  |v no. 375. 
852 8 |b CARM  |h A3:AI09E0  |i C12553  |p 0477170  |f BK 
999 f f |i 9760e229-1ea3-5bb5-85da-a69f3c8f54b3  |s 1d9a38d7-1278-5619-9014-8195789d1be8 
952 f f |p Can circulate  |a CAVAL  |b CAVAL  |c CAVAL  |d CARM 1 Store  |e C12553  |f A3:AI09E0  |h Other scheme  |i book  |m 0477170